UBT Library

Casebook in abnormal psychology / (Record no. 42677)

000 -LEADER
fixed length control field 00647pam a2200241 a 4500
001 - CONTROL NUMBER
control field 2034242
005 - DATE AND TIME OF LATEST TRANSACTION
control field 20180215074627.0
008 - FIXED-LENGTH DATA ELEMENTS--GENERAL INFORMATION
fixed length control field 920819s1993 nyua b 000 0 eng c
010 ## - LIBRARY OF CONGRESS CONTROL NUMBER
LC control number 92049349
020 ## - INTERNATIONAL STANDARD BOOK NUMBER
International Standard Book Number 0070065462
040 ## - CATALOGING SOURCE
Original cataloging agency DNLM/DLC
Transcribing agency DLC
Modifying agency DLC
041 ## - LANGUAGE CODE
Language code of text/sound track or separate title eng
060 ## - NATIONAL LIBRARY OF MEDICINE CALL NUMBER
Classification number WM 40 V844c
080 ## - UNIVERSAL DECIMAL CLASSIFICATION NUMBER
Universal Decimal Classification number 616.8909 VIT
082 00 - DEWEY DECIMAL CLASSIFICATION NUMBER
Classification number 616.8909 VIT
Edition number 20
100 1# - Rafti
Rafti 48
101 ## - Shkurtesa
Shkurtesa PSI
245 10 - TITLE STATEMENT
Title Casebook in abnormal psychology /
Statement of responsibility, etc John Vitkus.
504 ## - BIBLIOGRAPHY, ETC. NOTE
Bibliography, etc Includes bibliographical references (p. 257-282).
906 ## - LOCAL DATA ELEMENT F, LDF (RLIN)
a 7
b cbc
c orignew
d 1
e ocip
f 19
g y-gencatlg
942 ## - ADDED ENTRY ELEMENTS (KOHA)
Source of classification or shelving scheme
Item type Books
Holdings
Withdrawn status Lost status Source of classification or shelving scheme Damaged status Not for loan Collection code Permanent location Current location Shelving location Date acquired Total Checkouts Full call number Barcode Date last seen Price effective from Koha item type
          Koleksioni i përgjithshem UBT - Lipjan UBT - Lipjan Koleksioni i përgjithshem 02/15/2018   616.8909 VIT 002-2998491 02/15/2018 02/15/2018 Books
UBT Library © 2015-2024. All rights reserved University Education for Business and Technology